| 000 | 00548nam a2200157 a 4500 | ||
|---|---|---|---|
| 001 | 000042150 | ||
| 005 | 20201002035954.0 | ||
| 008 | 131114s1991 ve 000 0 spa d | ||
| 020 | _a9806204107 | ||
| 040 |
_aDO-SdBNP _bspa _cBNPHU |
||
| 100 | 1 |
_aKardec, Allan _954144 |
|
| 245 | 1 | 3 |
_aEl espiritismo en su más simple expresión. : _bExposición sumaria de la enseñanza de los espíritus / _cAllan Kardec; traducción, Salvador Gentile. |
| 260 |
_aVenezuela, : _bGraphitec, _c1991. |
||
| 300 |
_a48 p. ; _c16 cm. |
||
| 700 | 1 |
_aGentile, Salvador _969145 |
|
| 999 |
_c41639 _d41639 |
||